| 000 | 00554cam a2200205 4500 | ||
|---|---|---|---|
| 001 | M98983 | ||
| 008 | 090401t1999 xxu||||| |||| 00| 0 eng d | ||
| 035 | _a(Sirsi) u99928 | ||
| 041 | _aeng | ||
| 110 |
_aRoyal Institution of Chartered Surveyors _94900 |
||
| 245 | _aRural England - a discussion document | ||
| 260 |
_bRoyal Institution of Chartered Surveyors _c1999 |
||
| 350 | _a0 | ||
| 490 |
_aRICS Policy Unit Submission _vPU/SUB/37 |
||
| 650 | _aCOUNTRYSIDE | ||
| 650 | _aHOUSING | ||
| 650 | _aTRANSPORT | ||
| 942 | _n0 | ||
| 948 | _c03/06/1999 | ||
| 999 |
_c99524 _d99524 |
||